000 00755nam a22002057a 4500
003 OSt
005 20250819143248.0
008 250819b |||||||| |||| 00| 0 eng d
040 _c0
082 _aDPer 613.705 J826 January-December 2020 v. 91 n. 1-9
100 _aEdwards, Verneda.
_eauthor.
_966933
245 _aIt is time to make use of technology /
_cVerneda Edwards.
260 _aVirginia ;
_bAmerican Alliance for Health ,
_cFebruary 2020.
300 _aVolume 91, pages 56-57 :
_c28 cm.
500 _aThe Journal of Physical Education Recreation & Dance, vol. 91, no. 2, pages 56-57, February 2020.
650 0 _aPhysical education.
_950439
650 0 _aTechnology.
_916413
700 _aEdwards, Verneda.
_eauthor.
_966933
942 _2ddc
_cPER
999 _c23648
_d23648